000 00638nam a2200193Ia 4500
008 151121s9999||||xx |||||||||||||| ||und||
082 _a833-/शर्मा
082 _bHNW-68617
100 _aशर्मा ओंकारनाथ
245 _aअदृश्य चित्र
260 _b"प्रणव प्रकाशन, सोलापूर"
260 _c--
300 _a127
600 _aशर्मा ओंकारनाथ
630 _aअदृश्य चित्र
700 _aशर्मा ओंकारनाथ
730 _aअदृश्य चित्र
942 _cBOOK
999 _c1250111
_d1250108